| 000 | 00424nam a22001571a 4500 | ||
|---|---|---|---|
| 003 | NEGST | ||
| 005 | 20110718125604.0 | ||
| 008 | 030714s1982 001 0 eng d | ||
| 100 | 1 | _aColeman, Robert. | |
| 245 | 1 | 0 |
_aEvangeliser selon le Maitre / _cRobert Coleman. |
| 260 |
_a[S.l.] : _bLitterature biblique, _c1982. |
||
| 300 | _a94p. | ||
| 590 | _aAccession number: 30423 | ||
| 650 | 0 | _aEvangelistic work. | |
| 999 |
_c26082 _d26082 |
||